| 000 | 00603nam a2200253Ia 4500 | ||
|---|---|---|---|
| 005 | 20250425160742.0 | ||
| 008 | 250425s9999 xx 000 0 und d | ||
| 020 | _a968880858X | ||
| 041 | _aspa | ||
| 082 | _a658.8 | ||
| 100 | _aLOVELOCK, CHRISTOPHER | ||
| 245 | 0 | _aMERCADOTECNIA DE SERVICIOS | |
| 250 | _a3A ED. | ||
| 260 | _aMEXICO | ||
| 260 |
_aMéxico _bPRENTICE HALL _c1997 |
||
| 300 | _a661 | ||
| 650 | _aCLIENTES | ||
| 650 | _aINNOVACIONES TECNOLOGICAS | ||
| 650 | _aMERCADOTECNIA | ||
| 650 | _aPLANIFICACION ESTRATEGICA | ||
| 650 | _aPRECIOS | ||
| 942 | _c01 | ||
| 010 | _a4403 | ||
| 999 |
_c195429 _d195429 |
||